000 00706nam a2200205Ia 4500
003 GCL
008 140319s9999 xx 000 0 ara d
040 _aGCL /
_cGCL
082 0 4 _a954.9
_bم ق
100 1 _aمحمد حسن الاعظمى
245 1 0 _aالقائد الاعظم وقصة الباكستان (هدية من عبدالفتاح الجمل) /
_cمحمد حسن الاعظمى
300 _a284
490 _aالهيئة العامة للاستعلامات
_v0
650 0 4 _aالعصر الحديث
650 0 4 _aالاستقلال
650 0 4 _aالاحتلال البريطانى
650 0 4 _aالباكستان وتاريخ
650 0 4 _aالهند - تاريخ
942 _2ddc
_cBK
999 _c46836
_d46836